Statistics for Zastávky MHD Karlovy Vary

Click here to take the quiz!

General Stats

  • This quiz has been taken 11 times
  • The average score is 63 of 147

Answer Stats

Zastávky% Correct
Chebská
100%
Dolní nádraží
100%
Horní nádraží
100%
Globus
89%
Na Vyhlídce
89%
Nemocnice
89%
Rozcestí u Koníčka
89%
Slavie
89%
Tržnice
89%
Čankov
78%
2Divadelní náměstí
78%
Elite
78%
Keramická škola
78%
KV Arena
78%
Lázně I
78%
1Lázně III
78%
Libušina
78%
Lidická
78%
Moser
78%
Moskevská
78%
Náměstí Dr. Horákové
78%
Okružní
78%
Pivovar
78%
Richmond
78%
Sanssouci
78%
Školní
78%
Stará Role
78%
Tesco
78%
U Jara
78%
Západní
78%
12Čankovská
67%
4Dolní nádraží - terminál
67%
Drahomíra
67%
Dvory
67%
Hlavní pošta
67%
Hory, restaurace
67%
Jenišov
67%
Krátká
67%
Lanovka Imperial
67%
Národní
67%
Panorama
67%
3Stará Kysibelská
67%
Vítězná
67%
Gagarinova
56%
Garáže MHD
56%
Koupaliště Rolava
56%
Kpt. Jaroše
56%
Krajský úřad
56%
Letiště
56%
Loket
56%
OC Varyáda
56%
Olšová Vrata
56%
13Stará Role sídliště
56%
Tašovice
56%
U Kapličky
56%
Bohatice
44%
Dalovice
44%
Doubí
44%
Hůrky
44%
I.P.Pavlova
44%
Krále Jiřího
44%
Mattoniho nábřeží
44%
Mlýnská
44%
Prašná
44%
Růžový Vrch
44%
Sedlec
44%
Sklářská
44%
Stadion ZM
44%
Šumavská
44%
Truhlářská
44%
Vančurova
44%
6Východní
44%
Závodiště
44%
8Černý Kůň
33%
22Chodovská
33%
Doubský most
33%
Elektrosvit
33%
Jenišov, kompostárna
33%
Jenišov, rozcestí
33%
Kamenického
33%
Konečná
33%
21Krematorium
33%
Křižíkova
33%
KV Arena - parkoviště
33%
Letná - Dykova
33%
Motýlek
33%
Rosnice
33%
Růžový Vrch sídliště
33%
19Sedlecká
33%
Sportovní
33%
7Švýcarský dvůr
33%
Tašovice rozcestí
33%
U Jezírka
33%
U Kostela
33%
U Zámečku
33%
Blahoslavova
22%
Borová
22%
Dvory II
22%
Gejzírpark
22%
Golf
22%
Hřbitov Drahovice
22%
Kolová, ObÚ
22%
Letiště rozcestí
22%
Loket, Epiag
22%
23Loket, žel.st.
22%
Nádraží Dalovice
22%
Na Stezce
22%
Obřadní síň
22%
Olšová Vrata střed
22%
Otovice, panelárna
22%
Plzeňská
22%
Počernická
22%
Sedlec zahrádky
22%
Svobodova
22%
Vítkova hora
22%
Andělská Hora, chaty
11%
Andělská Hora, dolní obec
11%
Andělská Hora, horní obec
11%
Bohatice náměstí
11%
Březová, rest.Slunce
11%
Březová, rest.St.Michael
11%
Březová, Staromlýnská
11%
Březová, U Splavu
11%
Dalovice, náměstí
11%
17Dalovice, Všeborovice
11%
Dubová
11%
Fričova
11%
Jenišov, K Rohu
11%
Jenišov, Pod Vrchem
11%
K Letišti
11%
9Na Kopečku
11%
Na Krachu
11%
Na Pasece
11%
Na Pražské
11%
Orlov
11%
Otovice, pošta
11%
5Otovice, SÚS
11%
Otovice, u Kovárny
11%
Pod Hůrkami
11%
Říční
11%
Rosnice rozcestí
11%
16Slovanská
11%
Svahová
11%
Svatošská
11%
U Hájovny
11%
V Aleji
11%
Na Ostrůvku
0%

Score Distribution

Percentile by Number Answered

Percent of People with Each Score

Your Score History

You have not taken this quiz